| 000 | 00572 a2200193 4500 | ||
|---|---|---|---|
| 001 | 61879 | ||
| 005 | 20260407155911.0 | ||
| 008 | 260407a1956 arg spa d | ||
| 003 | AR-UNSa-BCEJYS | ||
| 040 |
_aAR-UNSa-BCEJYS _bspa _cAR-UNSa-BCEJYS |
||
| 080 |
_a336.763 _xTítulos. Valores |
||
| 245 | 1 | 0 |
_aTítulos. Valores crediticios _pLetra de cambio, pagaré y cheque |
| 264 | 1 |
_aBuenos Aires : _bTipográfica Editora Argentina _c1956 |
|
| 300 |
_a412 p. _c23 cm. |
||
| 041 | _aspa | ||
| 942 | _cBK | ||
| 590 | _aniveau_biblio:m niveau_hierar:0 | ||
| 100 | 1 | _aMuñoz, Luis | |
| 999 |
_c7469 _d7469 |
||